00266nam a2200109Ia 4500008004000000082002000040100001900060245004500079250000500124260001900129300000800148210210b1990 xxu||||| |||| 00| 0 eng d a001.6424Co KANP aKANT (Sharad). aPractical approach to cobol programming. a aMadrasbc1990 a528